000
00305nam a2200109 a 4500
005
20141022142001.0
008
100916s19uu xx 00 eng d
050
_a
DVD
_b
H65 2005
245
_a
Horror in the East: turning against the West :
_b
Death before surrender.
260
_b
BBC,
_c
2005.
942
_c
AVM
999
_c
276279
_d
276279